Word Ladder: A Director's Movies Quiz Stats

 Plays Quiz Updated Nov 16, 2017

Challenge
Share
Tweet
Embed
Score 0/38 Timer 04:00
0 Plays Today
Clue 4-letter Word % Correct
2003 movie: ''How to ____ a Guy in 10 Days''LOSE
95.8%
Lion's hairMANE
95.3%
Opposite of profitLOSS
95.3%
Walking stickCANE
94.7%
★ ''The ____ Hurrah'' (1958) ★●LAST●
94.6%
1938 movie: ''You ____ Take It With You''CAN'T
94.4%
1982 movie: ''How ____ Miles to Babylon?''MANY
94.4%
Solitary; unaccompaniedLONE
93.5%
Female horseMARE
93.3%
Unmarried girlLASS
93.2%
★ ''She ____ a Yellow Ribbon'' (1949) ★●WORE●
92.6%
★ ''How the ____ Was Won'' (1963) ★●WEST●
92.3%
1944 movie: ''Since You ____ Away''WENT
92%
2000 movie: ''____ Away''CAST
90.8%
French phrase: '____ la vieC'EST
90.6%
★ ''They ____ Expendable'' (1945) ★●WERE●
89.5%
★ ''The ____ Patrol'' (1934) ★●LOST●
88.8%
★ ''____ of Scotland'' (1935) ★●MARY●
88.7%
Traditional knowledge, learningLORE
87.6%
Clue 4-letter Word % Correct
Nothing moreMERE
86.3%
Former money of ItalyLIRE
85.9%
Stolen moneyLOOT
85%
American actress: ____ CrawfordJOAN
84.9%
★ ''The Long Grey ____'' (1955) ★●LINE●
84.3%
Ward offFEND
80.4%
A large diving birdLOON
80.3%
★ ''Steamboat Round the ____'' (1935) ★●BEND●
80.3%
★ ''Tobacco ____'' (1941) ★●ROAD●
79.6%
Keen on; affectionate towardsFOND
78.6%
Typeface of a characterFONT
78.3%
An open grasslandBENT
77.3%
★ ''The Rise of the ____'' (1957) ★●MOON●
75.8%
Frame of mindMOOD
75.7%
Family in ''The Grapes of Wrath''JOAD
74.1%
★ With [last rung], American film director ★●JOHN●
73.6%
★ ''____ Apache'' (1948) ★●FORT●
72.3%
Cross or crucifixROOD
69.8%
★With [first rung], American film director ★●FORD●
67.9%

Today's Daily Dose

Word Ladder
Anchorman

Get the Picture
'Head' Bands

You're not logged in!

Compare scores with friends on all Sporcle quizzes.
OR
Log In

You Might Also Like...

Show Comments

Extras

Top Quizzes Today


Score Distribution

Your Account Isn't Verified!

In order to create a playlist on Sporcle, you need to verify the email address you used during registration. Go to your Sporcle Settings to finish the process.

Report this User

Report this user for behavior that violates our Community Guidelines.

Details: